Reputačný manažment v podmienkach automobilového priemyslu skúmanie finančných aspektov reputácie

Uložené v:
Podrobná bibliografia
Hlavný autor: Juhászová, Ingrid
Ďalší autori: Markovič, Peter, 1974-, Pollák, František, 1985-, Vavro, Daniel, Dorčák, Peter, 1979-, Beug, Benjamin
Médium: Kniha
Jazyk:Slovak
Vydavateľské údaje: Bratislava KARTPRINT 2018
Vydanie:1. vydanie
Predmet:
Tagy: Pridať tag
Žiadne tagy, Buďte prvý, kto otaguje tento záznam!

MARC

LEADER 00000nam a2200000 4500
001 0249110
005 20240502074001.9
020 |a 978-80-89553-57-0 
041 0 |a slo 
044 |a SK 
245 1 0 |a Reputačný manažment v podmienkach automobilového priemyslu  |b skúmanie finančných aspektov reputácie  |c Ingrid Juhászová, Peter Markovič, František Pollák, Daniel Vavro ; recenzenti: Peter Dorčák, Benjamin Beug 
250 |a 1. vydanie 
264 1 |a Bratislava  |b KARTPRINT  |c 2018 
300 |a 123 s. [7 AH] 
610 2 0 |a manažment 
610 2 0 |a reputácia podniku 
610 2 0 |a výskum 
610 2 0 |a meranie 
610 2 0 |a metódy 
610 2 0 |a modely 
610 2 0 |a financie 
610 2 0 |a výkonnosť podniku 
610 2 0 |a ukazovatele 
610 2 0 |a priemysel automobilový 
610 2 0 |a automobily 
610 2 0 |a meno obchodné 
610 2 0 |a siete sociálne 
610 2 0 |a kritika 
610 2 0 |a VW 
610 2 0 |a BMW 
100 1 |a Juhászová, Ingrid 
700 1 |a Markovič, Peter, 1974- 
700 1 |a Pollák, František, 1985- 
700 1 |a Vavro, Daniel 
700 1 |a Dorčák, Peter, 1979- 
700 1 |a Beug, Benjamin